| 000 | 01038nam a22002297a 4500 | ||
|---|---|---|---|
| 005 | 20160811153057.0 | ||
| 008 | 160721s2015 ck abd||r|||| 00| 0 spa d | ||
| 020 | _a9789588902579 | ||
| 040 |
_aCO-BoIAVH _cCO-BoIAVH |
||
| 041 | 0 | _aspa | |
| 044 | _ack | ||
| 082 | 0 | 4 |
_a304.25 _bN96e1 |
| 245 | 0 | 0 |
_aNuevos escenarios de cambio climático para Colombia 2011-2100 : _bHerramientas científicas para la toma de decisiones - Enfoque nacional - regional / |
| 260 |
_aBogotá, Colombia : _bIDEAM : _bPNUD, _c2015. |
||
| 300 |
_a24 páginas : _bilustraciones a color, mapas a color y fotografías a color ; _c28 x 21 cm. |
||
| 650 | 2 | 4 |
_aCambio climático _xescenarios _y2011-2100 _zColombia |
| 650 | 2 | 4 |
_aAdaptación al cambio climático _xescenarios _y2011-2100 _zColombia |
| 650 | 2 | 4 |
_aCambio climático _xproyecciones _y2011-2100 _zColombia |
| 710 | 2 | _aInstituto de Hidrología, Meteorología y Estudios Ambientales | |
| 710 | 2 | _aPrograma de las Naciones Unidas para el Desarrollo | |
| 942 |
_2ddc _cLIBRO |
||
| 999 |
_c18961 _d18961 |
||